00976nac a22002291u 4500010001600000020001500016082002000031090001500051100003400066245006800100260005500168300003400223440003400257504005100291650005600342700001900398856007900417856008900496942002200585999001500607952012400622 a 99051998 a082470364200a620.00452bD647 c3931d3931 aDodson, Bryan, 10aReliability engineering handbook /cBryan Dodson, Dennis Nolan. aNew York :bMarcel Dekker/Quality Pub.,1999c1999. axiv, 639 p. :bill. ;c24 cm. 0aQuality and reliability ;v56 aIncludes bibliographical references and index. 0aReliability (Engineering)vHandbooks, manuals, etc.1 aNolan, Dennis.413Table of contents onlyuhttp://www.loc.gov/catdir/toc/fy0712/99051998.html413Publisher descriptionuhttp://www.loc.gov/catdir/enhancements/fy0647/99051998-d.html cBBk620.00452D647 c3931d3931 00104070aMAINbMAINc1STd2007-08-07ePurchasel4m19o620.00452 DODp000005081r2025-07-15 00:00:00s2019-03-06yBB